Repair/Rehabilitation of Concrete Structures Using Polymers (Record no. 550752)
[ view plain ]
| 000 -LEADER | |
|---|---|
| fixed length control field | 00500nam a22001217a 4500 |
| 082 ## - DEWEY DECIMAL CLASSIFICATION NUMBER | |
| Classification number | P - 467 |
| Author Mark | PC - N. Naveed |
| -- | Project |
| 100 ## - MAIN ENTRY--PERSONAL NAME | |
| Personal name | Repair/Rehabilitation of Concrete Structures Using Polymers |
| 9 (RLIN) | 47531 |
| 245 ## - TITLE STATEMENT | |
| Title | Repair/Rehabilitation of Concrete Structures Using Polymers |
| Statement of responsibility, etc. | Muhammad Naveed, Muhammad Zubair Akram. |
| 300 ## - PHYSICAL DESCRIPTION | |
| Extent | P 75. |
| 526 ## - STUDY PROGRAM INFORMATION NOTE | |
| Program name | 0 |
| Interest level | 0 |
| Reading level | 0 |
| Title point value | P_000000000000000__467_PC__N__ |
| 650 ## - SUBJECT ADDED ENTRY--TOPICAL TERM | |
| Topical term or geographic name entry element | Repair/Rehabilitation of Concrete Structures Using Polymers |
| Topical term following geographic name entry element | Project |
| 9 (RLIN) | 47532 |
| 942 ## - ADDED ENTRY ELEMENTS (KOHA) | |
| Source of classification or shelving scheme | |
| Koha item type | Book |
| Withdrawn status | Lost status | Source of classification or shelving scheme | Damaged status | Not for loan | Permanent Location | Current Location | Date acquired | Total Checkouts | Full call number | Barcode | Date last seen | Price effective from | Koha item type | Public note |
|---|---|---|---|---|---|---|---|---|---|---|---|---|---|---|
| Military College of Engineering (MCE) | Military College of Engineering (MCE) | 11/21/2014 | P - 467 PC - N. Naveed | MCE-P-467 | 11/21/2014 | 03/14/2021 | Book | Project |
